O zrade a súdržnosti

Bibliographic Details
Main Author: Farkašová, Etela, 1943- (Author)
Format: Article
Language:Slovak
ISSN:1210-1982
Subjects:

MARC

LEADER 00000nab a2200000 ar4500
001 vtls009941032
003 SK-MaSNL
005 20260305011105.0
008 090819c2009 xo |r|p|||||||000 b|slo
015 |a SNBRB2009/08  |2 snkbucl 
038 |a SNKBUCL 
040 |a SNKBUCL  |b slo  |c SNKBUCL  |e AACR2 
041 0 |a slo 
044 |a xo  |c SK 
080 |a 82.09:821.581-31  |x (048)  |2 2001 
080 |a 821.581-31  |x (048)  |2 2001 
100 1 |a Farkašová, Etela,  |d 1943-  |4 aut  |9 100186 
245 1 0 |a O zrade a súdržnosti  |c Etela Farkašová 
650 0 7 |a čínske romány  |x recenzie  |2 snkbucl  |9 1244320 
650 0 7 |a spoločenské romány  |x recenzie  |2 snkbucl  |9 1034143 
655 7 |a recenzie  |2 snkbucl  |9 21907 
773 0 |t Knižná revue  |g Roč. XIX, č. 14-15 (2009), s. 9  |x 1210-1982 
787 0 8 |i Rec.:  |a Jü Chua, 1960-  |t Bratia. I  |d Bratislava: Albert Marenčin - Vydavateľstvo PT, 2009  |z 9788089299975 
852 |a SNK  |b KIS3GCP 
958 |a LX 
958 |a CN 
958 |a RC 
999 |c 3250722  |d 3252652